000 00187 a2200097 4500
020 _a9789996491504
041 _aspa
100 _aPedro Avellan Centeno
245 _aBalastro
942 _cBK
999 _c27717
_d27717